Quiz o Malawi - Statystyki

Ogólne statystyki
  • Ten quiz został rozwiązany 1 514 razy
  • Średni wynik to 10 z 16
Statystyki odpowiedzi
Wskazówka Odpowiedź % Poprawnych
Państwa graniczące z Malawi Mozambik
87%
Państwa graniczące z Malawi Zambia
86%
Państwa graniczące z Malawi Tanzania
85%
Państwo europejskie, które skolonizowało Malawi Wielka Brytania
82%
9,2% dorosłych cierpi na tę chorobę, co jest jednym z najwyższych wskaźników na świecie AIDS
75%
Religia dominująca Chrześcijaństwo
72%
Dział gospodarki, w którym pracuje80% mieszkańców Malawi Rolnictwo
72%
Obiekt na fladze Wschodzące Słońce
68%
Pomimo kontrowersji, Malawi jako jedyny afrykański kraj utrzymywał stosunki z tym pobliskim krajem przed 1994 rokiem Republika PołudniowejAfryki
67%
Stolica Lilongwe
58%
Państwo Malawi ma wspólną nazwę z dużym ____ Jeziorem
57%
39% eksportu Malawi składa się z tej uzależniającej substancji Tytoń
48%
... w którym żyje więcej gatunków ___, niż w jakimkolwiek innym Ryb
42%
Była nazwa Malawi Niasa
29%
Dolina biegnąca przez Malawi {Wielkie} {Rowy}Afrykańskie
28%
Amerykańska piosenkarka pop, która adoptowała dwoje dzieci z Malawi Madonna
27%
Nie znaleziono quizów pasujących do podanych kryteriów
Rozkład punktacji
Procent ludzi z każdym wynikiem
Percentyl według liczby udzielonych odpowiedzi
Twoja historia wyników
Nie rozwiązałeś tego quizu